The Eight Cities of Scotland - Statistics

General Stats
  • This quiz has been taken 84 times
  • The average score is 6 of 8
Answer Stats
city % Correct
Glasgow
100%
Edinburgh
99%
Aberdeen
96%
Inverness
89%
Dundee
80%
Perth
70%
Stirling
56%
Dunfermline
31%
No matching quizzes found
Score Distribution
Percent of People with Each Score
Percentile by Number Answered
Your Score History
You have not taken this quiz